| 000 | 01016nam a22002657a 4500 | ||
|---|---|---|---|
| 003 | OSt | ||
| 005 | 20230224165020.0 | ||
| 008 | 220916b |||||||| |||| 00| 0 eng d | ||
| 020 | _a978 958 48 1679 5 | ||
| 040 | _cBiblioteca Lado V | ||
| 082 |
_aC868 _bG463e |
||
| 100 |
_9759 _aGil Marulanda, Alfredo _eautor |
||
| 245 |
_aEscuela de garaje/ _bvol. Intemperie/ |
||
| 260 |
_aBogota _bInstituto Distrital de Artes IDARTES _c2017 |
||
| 300 |
_a199p. _c11x17cm _bLIBRO INTERVENIDO ARTISTICAMENTE DESDE LA PORTADA |
||
| 490 | _vvol. Intemperie | ||
| 650 |
_2Tesauro de Arte & Arquitectura _aNARRACION |
||
| 650 |
_2Tesauro de Arte & Arquitectura _aFOTOGRAFIA _9702 |
||
| 650 |
_2Tesauro de Arte & Arquitectura _aILUSTRACION |
||
| 650 |
_2Tesauro de Arte & Arquitectura _aLITERATURA |
||
| 650 |
_2Tesauro de Arte & Arquitectura _aESTILO LIBRE |
||
| 650 |
_2Tesauro de Arte & Arquitectura _aPOESIA |
||
| 651 |
_2Tesauro de Arte & Arquitectura _aCOLOMBIA |
||
| 942 |
_2ddc _c1 _hC868 _iG463e _n0 |
||
| 999 |
_c3077 _d3077 |
||